|
|
|
|
| LEADER |
02886cam a22003854a 4500 |
| 001 |
AAL8727 |
| 003 |
BD-DhAAL |
| 005 |
20160721153730.0 |
| 008 |
160721s2004 nyu 000 1 eng |
| 010 |
|
|
|a 2003061131
|
| 020 |
|
|
|a 9788172235635
|
| 020 |
|
|
|a 0060589272 (acidfree paper)
|
| 040 |
|
|
|a DLC
|c DLC
|d DLC
|d BD-DhAAL
|
| 050 |
0 |
0 |
|a PQ9698.13.O3546
|b O5913 2004
|
| 082 |
0 |
0 |
|a 869.3/42
|2 22
|
| 100 |
1 |
|
|a Coelho, Paulo.
|9 20075
|
| 245 |
1 |
0 |
|a Eleven minutes /
|c Paulo Coelho ; translated from the Portuguese by Margaret Jull Costa.
|
| 260 |
|
|
|a New York :
|b HarperCollins Publishers,
|c 2014
|
| 300 |
|
|
|a 273 p. ;
|c 22 cm.
|
| 541 |
|
|
|e 8727
|
| 700 |
1 |
|
|a Costa, Margaret Jull.
|9 20076
|
| 852 |
|
|
|a Savar Campus Library
|c General Shelf
|
| 942 |
|
|
|2 ddc
|c BK
|
| 999 |
|
|
|c 37707
|d 37707
|
| 952 |
|
|
|0 0
|1 0
|2 ddc
|4 0
|6 869_300000000000000_42_COE
|7 0
|9 59386
|a SCL
|b SCL
|c GEN
|d 2016-07-21
|g 100.00
|l 17
|m 66
|o 869.342 COE
|p 3020008727
|r 2024-02-20
|s 2024-02-08
|t 1
|w 2016-07-21
|y BK
|
| 952 |
|
|
|0 0
|1 0
|2 ddc
|4 0
|6 869_300000000000000_42_COE
|7 0
|9 60344
|a SCL
|b SCL
|c GEN
|d 2017-04-19
|e Tajin Boi Ghar
|g 100.00
|l 16
|m 63
|o 869.342 COE
|p 3020008904
|r 2023-09-30
|s 2023-09-23
|t 2
|w 2017-04-19
|y BK
|
| 952 |
|
|
|0 0
|1 0
|2 ddc
|4 0
|6 869_300000000000000_42_COE
|7 0
|9 60345
|a SCL
|b SCL
|c GEN
|d 2017-04-19
|e Tajin Boi Ghar
|g 100.00
|l 12
|m 58
|o 869.342 COE
|p 3020008905
|r 2026-05-09
|s 2026-02-01
|t 3
|w 2017-04-19
|y BK
|
| 952 |
|
|
|0 0
|1 0
|2 ddc
|4 0
|6 869_300000000000000_42_COE
|7 0
|9 60346
|a SCL
|b SCL
|c GEN
|d 2017-04-19
|e Tajin Boi Ghar
|g 100.00
|l 17
|m 55
|o 869.342 COE
|p 3020008906
|r 2025-07-14
|s 2025-07-01
|t 4
|w 2017-04-19
|y BK
|
| 952 |
|
|
|0 0
|1 0
|2 ddc
|4 0
|6 869_300000000000000_42_COE
|7 0
|9 60347
|a SCL
|b SCL
|c GEN
|d 2017-04-19
|e Tajin Boi Ghar
|g 100.00
|l 11
|m 47
|o 869.342 COE
|p 3020008907
|r 2022-08-13
|s 2022-07-29
|t 5
|w 2017-04-19
|y BK
|
| 952 |
|
|
|0 0
|1 0
|2 ddc
|4 0
|6 869_300000000000000_42_COE
|7 0
|9 60348
|a SCL
|b SCL
|c GEN
|d 2017-04-19
|e Tajin Boi Ghar
|g 100.00
|l 11
|m 40
|o 869.342 COE
|p 3020008908
|r 2023-03-11
|s 2023-03-04
|t 6
|w 2017-04-19
|y BK
|
| 952 |
|
|
|0 0
|1 0
|2 ddc
|4 0
|6 869_300000000000000_42_COE
|7 0
|9 61145
|a SCL
|b SCL
|c GEN
|d 2017-09-13
|e Tajin Boi Gar
|g 120.00
|l 21
|m 76
|o 869.342 COE
|p 3020009218
|r 2025-09-07
|s 2025-08-03
|t 7
|w 2017-09-13
|y BK
|
| 952 |
|
|
|0 0
|1 0
|2 ddc
|4 0
|6 869_300000000000000_42_COE
|7 0
|9 61146
|a SCL
|b SCL
|c GEN
|d 2017-09-13
|e Tajin Boi Gar
|g 120.00
|l 15
|m 44
|o 869.342 COE
|p 3020009219
|r 2026-02-17
|s 2026-02-01
|t 8
|w 2017-09-13
|y BK
|
| 952 |
|
|
|0 0
|1 0
|2 ddc
|4 0
|6 869_300000000000000_42_COE
|7 0
|9 61147
|a SCL
|b SCL
|c GEN
|d 2017-09-13
|e Tajin Boi Gar
|g 120.00
|l 15
|m 58
|o 869.342 COE
|p 3020009220
|r 2025-05-13
|s 2025-05-04
|t 9
|w 2017-09-13
|y BK
|
| 952 |
|
|
|0 0
|1 0
|2 ddc
|4 0
|6 869_300000000000000_42_COE
|7 0
|9 61148
|a SCL
|b SCL
|c GEN
|d 2017-09-13
|e Tajin Boi Gar
|g 120.00
|l 11
|m 55
|o 869.342 COE
|p 3020009221
|r 2020-03-10
|s 2020-01-25
|t 10
|w 2017-09-13
|y BK
|
| 952 |
|
|
|0 0
|1 0
|2 ddc
|4 0
|6 869_300000000000000_42_COE
|7 0
|9 61149
|a SCL
|b SCL
|c GEN
|d 2017-09-13
|e Tajin Boi Gar
|g 120.00
|l 12
|m 49
|o 869.342 COE
|p 3020009222
|r 2023-06-13
|s 2023-05-28
|t 11
|w 2017-09-13
|y BK
|